000
00259nam a2200097Ia 4500
082
_a
428.24071 HARM
245
0
_a
How to teach writing
100
_a
HARMER, Jeremy Harlow, 2004
_9
96511
942
_c
BK
008
210817s9999 xx 000 0 und d
999
_c
405738
_d
405737